000 00814cam a2200241 a 4500
020 _a9781133365471
020 _a1133365477
040 _cDLC
082 0 0 _a612 CEN 2011 A056 Or.
100 1 _aAmitrano, Robert J.
245 1 0 _aLaboratory exercises in anatomy and physiology.
250 _a8th ed., update /
260 _aBelmont, CA :
_bCengage/Brookes Cole,
_c2011.
300 _axvi, 702 p. :
_bill. (chiefly col.) ;
_c28 cm.
500 _aIncludes index.
650 0 _aHuman physiology
650 0 _aHuman anatomy
700 1 _aTortora, Gerard J.
856 4 2 _uhttp://www.loc.gov/catdir/enhancements/fy1215/2011943220-d.html
856 4 1 _uhttp://www.loc.gov/catdir/enhancements/fy1215/2011943220-t.html
856 4 2 _uhttp://www.loc.gov/catdir/enhancements/fy1303/2011943220-b.html
942 _cEK
999 _c15749
_d15749